000 00388nam a2200145 a 4500
005 20140412111424.0
008 081008s19uu xx 00 eng d
020 _a1-59394-690-2
050 _aTR(GS 372
_bREA 2005
245 _aReading enrichment.
260 _aAshland Ohio :
_bBendon Publishing,
_c2005.
300 _a32p.
650 _aReading- grammar
_xvocabulary
999 _c106148
_d106148